AutoCAD 2007 : langkah demi langkah
| Main Author: | |
|---|---|
| Format: | Book |
| Language: | Malay |
| Published: |
Batu Caves, Selangor :
Venton pub. ,
2007
|
| Subjects: |
MARC
| LEADER | 00000cam a2200000 7i4500 | ||
|---|---|---|---|
| 001 | 0000023408 | ||
| 005 | 20110913.0 | ||
| 008 | 110908s my a may | ||
| 020 | |a 9789833526741 | ||
| 040 | |a INS | ||
| 090 | 0 | 0 | |a T385 |b S93 2007 |
| 100 | 0 | |a Syamsul Halim b. Wahab | |
| 245 | 1 | 0 | |a AutoCAD 2007 : langkah demi langkah |c Syamsul Halim b.Wahab |
| 260 | |a Batu Caves, Selangor : |b Venton pub. , |c 2007 | ||
| 300 | |a iv, 233ms. : |b il. ; |c 25cm. | ||
| 650 | 0 | |a AutoCAD (Computer Program) | |
| 650 | 0 | |a Computer graphics | |
| 999 | |a 1000000039 |b BOOK |c Open Shelf |e Default branch | ||